Manželské mýty. /

Uložené v:
Podrobná bibliografia
Hlavný autor: Hauck, Paul (Author)
Médium: Kniha
Jazyk:Slovak
English
Vydané: Bratislava : Slovart, vydavateľstvo, spol. s r.o., 1998
Vydanie:1. slov. vyd.
Edícia:Psychológia na každý deň
Témy:
ISBN: 8071452769 (brož.)
Fyzický popis: 94 s.
Tagy: Pridať tag
Žiadne tagy, Buďte prvý kto otaguje tento záznam!

MARC

LEADER 00000nam a2200000 a 4500
001 000040913
003 SVKK
005 19980910000000.0
008 980623s1998 cs e sloo
020 |a 8071452769 (brož.) 
040 |a SVKKK  |b slo  |c SVKKK  |e AACR2 
041 1 |a slo  |h eng 
044 |a cs  |c CS 
080 |a 173  |2 1997 
100 1 |a Hauck, Paul  |4 aut 
245 1 0 |a Manželské mýty. /  |c Paul Hauck 
250 |a 1. slov. vyd. 
260 |a Bratislava :  |b Slovart, vydavateľstvo, spol. s r.o.,  |c 1998 
300 |a 94 s. 
440 0 |a Psychológia na každý deň 
653 0 |a manželstvo  |2 SVKKKPH 
655 7 |a monografie  |2 SVKKKPH 
910 |a svkkk 
919 |a 80-7145-276-9 
974 |a MI  |d 19980629 
974 |a KL  |d 19980812 
974 |a EG  |d 19980910 
998 |a BK 
090 |g SCKHL  |k Sklad Hlavná 10 prízemie  |a I.68783  |j 918400  |i 2720092901  |s Absenčne